| 000 | 00370nam a22001217a 4500 | ||
|---|---|---|---|
| 999 |
_c2668 _d2668 |
||
| 005 | 20200922151931.0 | ||
| 008 | 200922b ||||| |||| 00| 0 eng d | ||
| 020 | _a058252444X | ||
| 040 | _cCML | ||
| 245 |
_aA Grammar of Contemporary English. _cGreenbaum, S. |
||
| 260 |
_aLondon _bLongman Group LTD _c1972 |
||
| 942 |
_2ddc _cBK _e1st Edition _h423 _kR423 _mGRE |
||